| 000 | 00765nam a2200253 i 4500 | ||
|---|---|---|---|
| 001 | 17079 | ||
| 003 | ES-MaACL | ||
| 005 | 20250902223818.0 | ||
| 007 | t| | ||
| 008 | 001219s2000 sp ||||1| spa d | ||
| 020 | _a84-306-0368-9 | ||
| 080 | _a330.342.14 | ||
| 080 | _a330.831.43 | ||
| 100 | 1 |
_aRodríguez Braun, Carlos. _998385 |
|
| 245 | 1 | 0 |
_aEstado contra mercado / _cCarlos Rodríguez Braun. |
| 260 |
_aMadrid : _bTaurus, _c[2000] |
||
| 300 |
_a138 p. ; _c22 cm. |
||
| 490 | 1 | _aPensamiento (Taurus Ediciones | |
| 650 | 7 |
_aEconomía de mercado _2embne _912025 |
|
| 650 | 7 |
_aEconomía del bienestar _2embne _9142910 |
|
| 830 | 0 |
_aPensamiento (Taurus Ediciones) _9180294 |
|
| 852 |
_aES-MaACL _jL-23983 _bR.129203 |
||
| 999 |
_c17079 _d17079 |
||